Größte Städte in Nordrhein-Westfalen - Statistiken

Allgemein
  • Dieses Quiz wurde 229 mal gespielt
  • Das Durchschnittsergebnis liegt bei 9 aus 10
Antwortstatistiken
Einwohner Stadt % Korrekt
1.085.664 Köln
100%
587.010 Dortmund
98%
619.294 Düsseldorf
98%
583.109 Essen
93%
364.628 Bochum
92%
498.590 Duisburg
91%
327.258 Bonn
84%
314.319 Münster
82%
333.786 Bielefeld
81%
354.382 Wuppertal
81%
Keine übereinstimmenden Quizze gefunden
Verteilung der Resultate
Anzahl Personen mit jedem Resultat
Perzentil nach korrekt beantworteten Fragen
Ihre Resultats-Entwicklung
Sie haben dieses Quiz noch nicht gespielt